Vplyv spoločenskej zodpovednosti na konkurenčnú výhodu podniku diplomová práca

Guardado en:
Detalles Bibliográficos
Autor principal: Kundrátová, Veronika
Autor Corporativo: Podnikovohospodárska fakulta EU so sídlom v Košiciach. Katedra manažmentu
Otros Autores: Mihalčová, Bohuslava, 1963-
Formato: Libro
Lenguaje:eslovaco
Publicado: Košice 2018
Etiquetas: Agregar Etiqueta
Sin Etiquetas, Sea el primero en etiquetar este registro!

MARC

LEADER 00000nbm a2200000 4500
001 0244088
005 20181019123135.7
041 0 |a slo 
044 |a SK 
245 1 0 |a Vplyv spoločenskej zodpovednosti na konkurenčnú výhodu podniku  |b diplomová práca  |c Veronika Kundrátová ; školiteľ: Bohuslava Mihalčová 
264 1 |a Košice  |c 2018 
300 |a 67 s. 
100 1 |a Kundrátová, Veronika 
700 1 |a Mihalčová, Bohuslava, 1963- 
710 2 |a Podnikovohospodárska fakulta EU so sídlom v Košiciach. Katedra manažmentu